[Event "27th Summer Universiade 2013 Kazan,Russ"]
[Site "Kazan,Russia"]
[Date "2013.07.10"]
[Round "3.25"]
[White "Ferreira, Jorge Viterbo"]
[Black "Olebile, Thato"]
[Result "1/2-1/2"]
[WhiteElo "2401"]
[BlackElo "2108"]
[PlyCount "128"]
[EventDate "2013.07.09"]

1. e4 e5 2. Nf3 Nc6 3. Bb5 a6 4. Ba4 Nf6 5. O-O Be7 6. Re1 b5 7. Bb3 d6 8. c3
O-O 9. d4 Bg4 10. d5 Nb8 11. h3 Bh5 12. Nbd2 c5 13. dxc6 Nxc6 14. Nf1 Bg6 15.
Ng3 Rc8 16. Qe2 Na5 17. Bc2 Qb6 18. Nh4 Rfe8 19. Nhf5 Bf8 20. Bg5 Nd7 21. Ne3
Qc6 22. Nd5 Nc4 23. Bd3 Ncb6 24. Nxb6 Nxb6 25. Be3 Nc4 26. Rad1 Red8 27. Bxc4
Qxc4 28. Qxc4 Rxc4 29. f3 f6 30. Rd3 Bf7 31. b3 Rc6 32. Red1 g6 33. Nf1 Rdc8
34. Bd2 Be6 35. Ne3 Kf7 36. Be1 a5 37. Nd5 g5 38. g4 Rb8 39. Rb1 Bd7 40. h4 h6
41. Rb2 Rb7 42. hxg5 fxg5 43. Kf1 Bc8 44. Ke2 Be6 45. Kd1 Kg6 46. Kc1 Kf7 47.
Rc2 Bd7 48. Kb1 Rc8 49. Bd2 Rcb8 50. Bc1 a4 51. Be3 Be6 52. Rb2 Bd7 53. Rdd2
Bc6 54. Nb4 Bd7 55. Nd5 Bc6 56. Nb4 Bd7 57. Rd1 Ke6 58. Rh2 Kf6 59. Nd5+ Kf7
60. Nb4 Rc8 61. Kb2 Be6 62. Nd5 Rcb8 63. Nb4 Rc8 64. Nd5 Rcb8 1/2-1/2

[Event "27th Summer Universiade 2013 Kazan,Russ"]
[Site "Kazan,Russia"]
[Date "2013.07.10"]
[Round "3.26"]
[White "Fernandes, Carlos A"]
[Black "Abdyjapar, Asyl"]
[Result "0-1"]
[WhiteElo "2122"]
[BlackElo "2400"]
[PlyCount "54"]
[EventDate "2013.07.09"]

1. e4 e5 2. Nf3 Nf6 3. Nc3 Bb4 4. Bc4 O-O 5. O-O d6 6. d3 Bg4 7. Bg5 Bxc3 8.
bxc3 h6 9. Bh4 g5 10. Bg3 Nbd7 11. Qe2 Qe7 12. Rab1 Nb6 13. Bb3 Kg7 14. Qe3 Nh5
15. Nd2 f6 16. f3 Bd7 17. Be1 Nf4 18. Bg3 Ng6 19. d4 h5 20. Rfe1 h4 21. Bf2 Nf4
22. g3 hxg3 23. hxg3 Qe8 24. dxe5 fxe5 25. Nf1 Rh8 26. Qd2 Qh5 27. Bxb6 Qxf3
0-1

[Event "27th Summer Universiade 2013 Kazan,Russ"]
[Site "Kazan,Russia"]
[Date "2013.07.10"]
[Round "3.27"]
[White "Farid, Firman Syah"]
[Black "Haitbayev, Hayrulla"]
[Result "1-0"]
[WhiteElo "2396"]
[BlackElo "2088"]
[PlyCount "43"]
[EventDate "2013.07.09"]

1. d4 Nf6 2. c4 g6 3. Nc3 d5 4. Nf3 Bg7 5. Bg5 Ne4 6. cxd5 Nxg5 7. Nxg5 e6 8.
Nf3 exd5 9. b4 O-O 10. e3 a5 11. b5 c5 12. bxc6 bxc6 13. Rc1 Re8 14. Be2 a4 15.
Nxa4 Qa5+ 16. Nc3 c5 17. O-O c4 18. Nd2 Na6 19. Nxd5 Qxd5 20. Bf3 Qb5 21. Bxa8
Bf5 22. a4 1-0

[Event "27th Summer Universiade 2013 Kazan,Russ"]
[Site "Kazan,Russia"]
[Date "2013.07.10"]
[Round "3.28"]
[White "Gumpo, Thabo"]
[Black "Georgescu, Tiberiu-Marian"]
[Result "0-1"]
[WhiteElo "2015"]
[BlackElo "2396"]
[PlyCount "98"]
[EventDate "2013.07.09"]

1. e4 e5 2. Nf3 Nc6 3. Bc4 Nf6 4. d3 Be7 5. O-O O-O 6. Re1 d6 7. h3 Na5 8. Nbd2
c6 9. Bb3 Nxb3 10. Nxb3 a5 11. a4 Be6 12. c3 Nd7 13. d4 h6 14. Nbd2 Qc7 15. Nf1
Rad8 16. Ng3 Nf6 17. b3 Rfe8 18. c4 d5 19. Nxe5 Bb4 20. exd5 Bxe1 21. Qxe1 cxd5
22. c5 Ne4 23. Nxe4 dxe4 24. Qc3 b6 25. Ba3 bxc5 26. Bxc5 Rb8 27. Rb1 f6 28.
Nc4 Bxc4 29. Qxc4+ Qf7 30. Qxf7+ Kxf7 31. b4 axb4 32. Rxb4 Rxb4 33. Bxb4 Rb8
34. Bc5 Rb1+ 35. Kh2 Ra1 36. Kg3 Ke6 37. Kf4 f5 38. Bf8 g5+ 39. Kg3 h5 40. Bh6
f4+ 41. Kh2 e3 42. fxe3 fxe3 43. Bxg5 e2 44. Bd2 e1=Q 45. d5+ Kxd5 46. Bxe1
Rxe1 47. Kg3 Re4 48. a5 Ra4 49. a6 Ke6 0-1

[Event "27th Summer Universiade 2013 Kazan,Russ"]
[Site "Kazan,Russia"]
[Date "2013.07.10"]
[Round "3.30"]
[White "Mooketsi, David"]
[Black "Pham, Chuong"]
[Result "0-1"]
[WhiteElo "1847"]
[BlackElo "2365"]
[PlyCount "90"]
[EventDate "2013.07.09"]

1. d4 d5 2. c4 e6 3. Nc3 Nf6 4. cxd5 exd5 5. Bg5 Be7 6. e3 c6 7. Bd3 Nbd7 8.
Nf3 O-O 9. Qc2 Re8 10. O-O Nf8 11. Rab1 Ng6 12. h3 Bd6 13. Nh4 Nf8 14. Nf5 Bb8
15. Rbe1 Be6 16. f4 Bxf5 17. Bxf5 Bd6 18. g4 Be7 19. Bxf6 Bxf6 20. g5 Be7 21.
h4 Bb4 22. Rf3 Qd6 23. a3 Bxc3 24. Qxc3 Re7 25. Bc2 b6 26. f5 f6 27. Re2 Kh8
28. Rg2 Nd7 29. Ba4 b5 30. Bc2 a5 31. Qd3 b4 32. h5 fxg5 33. Rxg5 Nf6 34. Rh3
Rae8 35. Rg2 c5 36. Ba4 c4 37. Qe2 Ra8 38. h6 bxa3 39. hxg7+ Rxg7 40. Rxg7 Kxg7
41. bxa3 Qxa3 42. Rg3+ Kh8 43. Bc6 Rb8 44. Rg2 Rb1+ 45. Kh2 Qd6+ 0-1

[Event "27th Summer Universiade 2013 Kazan,Russ"]
[Site "Kazan,Russia"]
[Date "2013.07.10"]
[Round "3.32"]
[White "Markov, Mikhail"]
[Black "Garcia Fuentes, Sergio Mig"]
[Result "1-0"]
[WhiteElo "2305"]
[BlackElo "2181"]
[PlyCount "87"]
[EventDate "2013.07.09"]

1. c4 c6 2. Nf3 d5 3. b3 Nf6 4. Bb2 Bf5 5. d3 e6 6. Nbd2 Be7 7. Nh4 Bg6 8. Nxg6
hxg6 9. a3 a5 10. e3 Nbd7 11. d4 Qb8 12. f4 c5 13. Nf3 cxd4 14. Bxd4 O-O 15.
Be2 Bc5 16. O-O Qa7 17. Qd2 Bxd4 18. exd4 a4 19. c5 axb3 20. Qb4 Rfc8 21. Bb5
Nb8 22. Rfc1 Nc6 23. Qxb3 Ne4 24. Qe3 Qa5 25. a4 Na7 26. Bd3 b6 27. Bxe4 dxe4
28. Ng5 bxc5 29. dxc5 Rab8 30. Qh3 Qd2 31. Rd1 Qb2 32. Qh7+ Kf8 33. Nxe4 Qc2
34. Nf2 Rb2 35. Qh8+ Ke7 36. Qh4+ f6 37. Rac1 Qe2 38. Re1 Qd2 39. Rcd1 Qc2 40.
Rc1 Qd2 41. Qg3 Rxc5 42. Rcd1 Qc2 43. Nd3 Rd5 44. Nxb2 1-0

[Event "27th Summer Universiade 2013 Kazan,Russ"]
[Site "Kazan,Russia"]
[Date "2013.07.10"]
[Round "3.33"]
[White "Galmandakh, Badrakh"]
[Black "Giron, David"]
[Result "1-0"]
[WhiteElo "2203"]
[BlackElo "2062"]
[PlyCount "91"]
[EventDate "2013.07.09"]

1. c4 Nf6 2. Nc3 c5 3. g3 e6 4. Bg2 Be7 5. Nf3 O-O 6. O-O d5 7. cxd5 exd5 8. d4
c4 9. b3 cxb3 10. Qxb3 Nc6 11. Ba3 Bxa3 12. Qxa3 Rb8 13. Ne5 Qe7 14. Qxe7 Nxe7
15. Rab1 Be6 16. Rb3 Rfc8 17. e3 Ne4 18. Nb1 Rc7 19. Nd3 Rbc8 20. Nf4 Nd6 21.
Nxe6 fxe6 22. Bh3 Kf7 23. Nd2 Kf6 24. e4 dxe4 25. f3 Rc1 26. fxe4+ Rxf1+ 27.
Kxf1 Rc1+ 28. Ke2 e5 29. dxe5+ Kxe5 30. Nf3+ Kxe4 31. Re3+ Kd5 32. Rxe7 Rc2+
33. Kd3 Rf2 34. Ke3 Rb2 35. Be6+ Kc5 36. Rxg7 a5 37. Rxh7 b5 38. Ne5 Nc4+ 39.
Nxc4 bxc4 40. Rh5+ Kb4 41. Rh4 Ka3 42. Bxc4 a4 43. Bd5 Rc2 44. g4 Rc5 45. Kd4
Rb5 46. g5 1-0

[Event "27th Summer Universiade 2013 Kazan,Russ"]
[Site "Kazan,Russia"]
[Date "2013.07.10"]
[Round "3.34"]
[White "Rajapakse, R M C M."]
[Black "Tologontegin, Semetey"]
[Result "0-1"]
[WhiteElo "2075"]
[BlackElo "2370"]
[PlyCount "102"]
[EventDate "2013.07.09"]

1. d4 d6 2. Nf3 g6 3. g3 Bg7 4. Bg2 Nd7 5. c4 Ngf6 6. Nc3 c5 7. d5 Nb6 8. Qd3
Bg4 9. h3 Bxf3 10. exf3 O-O 11. O-O Nfd7 12. f4 Rb8 13. b3 Na8 14. Bb2 Nc7 15.
a4 a6 16. a5 b5 17. axb6 Rxb6 18. Ra3 Qa8 19. Ba1 Rfb8 20. Ne4 Bxa1 21. Rfxa1
Qb7 22. Nd2 Ne8 23. Re1 Ndf6 24. Qe3 Ng7 25. g4 Kf8 26. Qc3 Qd7 27. Rea1 Qc8
28. Re1 h5 29. f3 Qb7 30. Raa1 Qd7 31. Re3 Ng8 32. Bf1 Qd8 33. Rae1 R8b7 34.
Bd3 Nf6 35. Bc2 Kg8 36. Ne4 Nh7 37. Ng3 Nf6 38. Ne4 Nxe4 39. fxe4 e6 40. e5
hxg4 41. hxg4 dxe5 42. Rxe5 Qh4 43. Bd1 Rd7 44. Kg2 Qf6 45. Kg3 exd5 46. cxd5
Rxd5 47. Qa5 Rbd6 48. Bc2 Ne6 49. R5e4 Nxf4 50. Rxf4 Rd3+ 51. Bxd3 Rxd3+ 0-1

[Event "27th Summer Universiade 2013 Kazan,Russ"]
[Site "Kazan,Russia"]
[Date "2013.07.10"]
[Round "3.35"]
[White "Meskovs, Nikita"]
[Black "Abrantes, Persson"]
[Result "1-0"]
[WhiteElo "2372"]
[BlackElo "2017"]
[PlyCount "69"]
[EventDate "2013.07.09"]

1. d4 Nf6 2. c4 g6 3. Nc3 Bg7 4. e4 d6 5. Nf3 Bg4 6. Be2 Nbd7 7. h3 Bxf3 8.
Bxf3 c6 9. O-O O-O 10. Be3 Rc8 11. Qd2 Re8 12. Rad1 Qc7 13. g3 Rcd8 14. Bg2 e5
15. d5 c5 16. b4 a6 17. Rb1 b6 18. b5 a5 19. Rbd1 Nh5 20. Bf3 Nhf6 21. Rde1 h5
22. Bd1 Kh7 23. Kg2 Re7 24. Bg5 Rh8 25. f4 Rhe8 26. f5 Rh8 27. Rf2 Ree8 28.
Ref1 Ref8 29. g4 Kg8 30. Qe3 hxg4 31. hxg4 Nxg4 32. Bxg4 f6 33. fxg6 Re8 34.
Be6+ Kf8 35. Qg3 1-0

[Event "27th Summer Universiade 2013 Kazan,Russ"]
[Site "Kazan,Russia"]
[Date "2013.07.10"]
[Round "3.36"]
[White "Hajbok, Robert"]
[Black "Chaulagain, Purushottam"]
[Result "1-0"]
[WhiteElo "2367"]
[BlackElo "1923"]
[PlyCount "63"]
[EventDate "2013.07.09"]

1. e4 c5 2. Nf3 Nc6 3. d4 cxd4 4. Nxd4 Nf6 5. Nc3 e5 6. Ndb5 Bb4 7. a3 Bxc3+ 8.
Nxc3 d6 9. g3 O-O 10. Bg2 Be6 11. O-O Qe7 12. h3 Qd7 13. Kh2 Ne8 14. Be3 f5 15.
exf5 Bxf5 16. Qd2 Rd8 17. Rad1 Nf6 18. f4 Qc8 19. Nb5 d5 20. Nxa7 Nxa7 21. Bxa7
e4 22. Bd4 Qc6 23. c3 Ne8 24. Be5 Qh6 25. Qe2 Nf6 26. Bxf6 Qxf6 27. Qe3 Rd6 28.
Rd4 Qd8 29. Qd2 Rff6 30. Rd1 Be6 31. Bxe4 Rh6 32. f5 1-0

[Event "27th Summer Universiade 2013 Kazan,Russ"]
[Site "Kazan,Russia"]
[Date "2013.07.10"]
[Round "3.37"]
[White "Sato, Kaname"]
[Black "Gaehler, Marco"]
[Result "0-1"]
[WhiteElo "2038"]
[BlackElo "2317"]
[PlyCount "82"]
[EventDate "2013.07.09"]

1. e4 g6 2. d4 Bg7 3. Nc3 d6 4. Be3 Nd7 5. Qd2 c6 6. a4 Qa5 7. Rd1 Ngf6 8. h3
O-O 9. Nf3 a6 10. Bd3 b5 11. axb5 axb5 12. O-O e5 13. dxe5 dxe5 14. Bh6 Bxh6
15. Qxh6 Qb4 16. Ne2 Qxb2 17. Rb1 Qa3 18. Ra1 Qxa1 19. Rxa1 Rxa1+ 20. Kh2 Re8
21. Ng3 Ra2 22. Nh4 Nf8 23. Qg5 N6d7 24. Ngf5 Ne6 25. Qg3 Ba6 26. Nd6 Rf8 27.
Nhf5 Kh8 28. Ne7 b4 29. Nxc6 Bxd3 30. Nxb4 Rxc2 31. Qxd3 Rxf2 32. Qg3 Rd2 33.
Nd5 Nf4 34. Qc3 Rxg2+ 35. Kh1 Nxd5 36. exd5 Re2 37. Qd3 Ra2 38. Nc4 Kg7 39. d6
Rb8 40. Kg1 Rb4 41. Kf1 Nc5 0-1

[Event "27th Summer Universiade 2013 Kazan,Russ"]
[Site "Kazan,Russia"]
[Date "2013.07.10"]
[Round "3.38"]
[White "Mohamad, Ervan"]
[Black "Hwang, Sungjae"]
[Result "1-0"]
[WhiteElo "2207"]
[BlackElo "1830"]
[PlyCount "101"]
[EventDate "2013.07.09"]

1. e4 c6 2. d4 d5 3. Nd2 dxe4 4. Nxe4 Bf5 5. Ng3 Bg6 6. h4 h6 7. Nf3 Nd7 8. h5
Bh7 9. Bd3 Bxd3 10. Qxd3 e6 11. Bd2 Ngf6 12. O-O-O Be7 13. Kb1 O-O 14. Ne4 Nxe4
15. Qxe4 Nf6 16. Qe2 Qd5 17. Ne5 Qe4 18. Qxe4 Nxe4 19. Be3 Rfd8 20. g4 c5 21.
f3 cxd4 22. Bxd4 Bc5 23. Bxc5 Nxc5 24. c4 Kf8 25. b4 Na6 26. a3 Ke7 27. Kc2
Rac8 28. Kb3 Nb8 29. Rhg1 Rxd1 30. Rxd1 Rc7 31. c5 b6 32. Kc4 bxc5 33. bxc5 Nd7
34. Nxd7 Rxd7 35. Rb1 Rc7 36. Rb8 Kd7 37. Rg8 Kc6 38. Rxg7 Rd7 39. Rh7 Rd5 40.
Rxf7 Rxc5+ 41. Kb4 a5+ 42. Ka4 Rc3 43. Kxa5 Rxa3+ 44. Kb4 Re3 45. Kc4 Kd6 46.
Kd4 Ra3 47. Ke4 Ra4+ 48. Ke3 Ra3+ 49. Kf2 Ke5 50. Kg3 Ra1 51. Rh7 1-0

[Event "27th Summer Universiade 2013 Kazan,Russ"]
[Site "Kazan,Russia"]
[Date "2013.07.10"]
[Round "3.39"]
[White "De Mey, Juan Pablo"]
[Black "Soares, Erikson Roberto Mau"]
[Result "0-1"]
[WhiteElo "1951"]
[BlackElo "2193"]
[PlyCount "61"]
[EventDate "2013.07.09"]

1. e4 e6 2. d4 d5 3. Nd2 Nf6 4. e5 Nfd7 5. Ngf3 c5 6. c3 Nc6 7. Bd3 Be7 8. O-O
g5 9. dxc5 g4 10. Nd4 Ncxe5 11. Bb5 Bxc5 12. b4 Bd6 13. f4 Nc6 14. Bxc6 bxc6
15. Qxg4 Qf6 16. N2b3 Bb7 17. Be3 O-O-O 18. c4 Bxb4 19. cxd5 exd5 20. a3 Bd6
21. Nf5 Rhg8 22. Qh3 Bc7 23. Bxa7 Ba6 24. Rf2 Rde8 25. Ne3 Re4 26. Bd4 Rxd4 27.
Nxd4 Qxd4 28. Rd1 Qa4 29. Qxh7 Re8 30. Qc2 Qxc2 31. Nxc2 0-1

[Event "27th Summer Universiade 2013 Kazan,Russ"]
[Site "Kazan,Russia"]
[Date "2013.07.10"]
[Round "3.40"]
[White "Kokome, Oaitse"]
[Black "Caetano, Hugo Zanotti Mendon"]
[Result "0-1"]
[WhiteElo "1931"]
[BlackElo "2152"]
[PlyCount "70"]
[EventDate "2013.07.09"]

1. g3 d5 2. Bg2 Nf6 3. d3 c5 4. Nf3 Nc6 5. O-O e5 6. c4 d4 7. e4 Bg4 8. Qa4 Qd7
9. Na3 Be7 10. Bd2 O-O 11. Nc2 a5 12. Rfb1 Qc7 13. Na3 Qc8 14. Nb5 Ne8 15. Ne1
Nc7 16. Nxc7 Qxc7 17. f3 Bd7 18. Qd1 Ra6 19. Nc2 f5 20. Qe2 f4 21. g4 h5 22. h3
Qd6 23. b3 Qf6 24. a3 Qh6 25. Be1 Rb6 26. a4 hxg4 27. hxg4 Ra6 28. Na3 Nd8 29.
Nb5 Ne6 30. Bf1 Ng5 31. Nc7 Rg6 32. Nd5 Bd8 33. Bg2 Bxg4 34. fxg4 f3 35. Qd2
fxg2 0-1

[Event "27th Summer Universiade 2013 Kazan,Russ"]
[Site "Kazan,Russia"]
[Date "2013.07.10"]
[Round "3.42"]
[White "Malgie, Avikaar"]
[Black "Zulkifli, Muhd Syazwan"]
[Result "0-1"]
[WhiteElo "1773"]
[BlackElo "2063"]
[PlyCount "100"]
[EventDate "2013.07.09"]

1. d4 Nf6 2. c4 e6 3. Nf3 Bb4+ 4. Bd2 Qe7 5. g3 O-O 6. Bg2 Nc6 7. O-O Bxd2 8.
Qxd2 d6 9. Nc3 e5 10. e3 h6 11. Nd5 Qd8 12. Nxf6+ Qxf6 13. dxe5 dxe5 14. Qc3
Bg4 15. Nd2 Rad8 16. Rfe1 Be6 17. b4 Qe7 18. a3 Qd7 19. Ne4 b6 20. Rec1 f5 21.
Nd2 e4 22. Nb3 Qd3 23. Bf1 Qxc3 24. Rxc3 Rfe8 25. b5 Ne5 26. Nd4 Nd7 27. Nc6
Ra8 28. a4 a5 29. bxa6 Rxa6 30. c5 Raa8 31. cxb6 cxb6 32. Nd4 Ne5 33. Bb5 Re7
34. Rac1 Kf7 35. Rc7 Ra7 36. Rxe7+ Rxe7 37. Nc6 Nf3+ 38. Kg2 Rd7 39. Bc4 Bxc4
40. Rxc4 Rd1 41. Nd4 Rg1+ 42. Kh3 Ne5 43. Rc7+ Kg6 44. Ne2 Ra1 45. Nf4+ Kh7 46.
Rb7 Ng4 47. Rf7 Nxf2+ 48. Kg2 Ng4 49. Nd5 Rd1 50. Rxf5 Rxd5 0-1

[Event "27th Summer Universiade in Kazan (Men)"]
[Site "Kazan"]
[Date "2013.07.11"]
[Round "4.2"]
[White "So, Wesley"]
[Black "Baryshpolets, Andrey"]
[Result "1-0"]
[WhiteElo "2708"]
[BlackElo "2544"]
[PlyCount "132"]
[EventDate "2013.??.??"]

1. d4 d5 2. c4 c6 3. Nf3 Nf6 4. Nc3 e6 5. e3 Nbd7 6. Qc2 Bd6 7. Bd3 O-O 8. O-O
dxc4 9. Bxc4 a6 10. Rd1 b5 11. Bd3 Bb7 12. e4 e5 13. dxe5 Nxe5 14. Nxe5 Bxe5
15. Bxb5 Bxh2+ 16. Kf1 Qe7 17. Bc4 Bc7 18. g3 Rad8 19. Be3 Ng4 20. Ba7 Bc8 21.
Rxd8 Bxd8 22. Bd4 Nh2+ 23. Kg2 Qd7 24. Kxh2 Qxd4 25. Qe2 h5 26. Rd1 Qc5 27. Kg2
a5 28. e5 Bg4 29. f3 Bf5 30. e6 fxe6 31. Bxe6+ Kh8 32. Bxf5 Qxf5 33. Qe4 Qc5
34. Ne2 Bc7 35. Rc1 Qb5 36. Rxc6 Bb8 37. Qe7 Kg8 38. Rc5 Qe8 39. Qxe8 Rxe8 40.
Nc3 Be5 41. Rxa5 Bxc3 42. bxc3 Re2+ 43. Kh3 Re3 44. Rxh5 Rxc3 45. Kg4 Rc4+ 46.
f4 Ra4 47. Rh2 Ra3 48. Rg2 g6 49. Rb2 Kg7 50. Kh4 Ra4 51. Rf2 Kf6 52. Kg4 Ra5
53. Rd2 Ra3 54. Kh3 Kf5 55. Kh4 Ra4 56. Rd5+ Kf6 57. Rd6+ Kf7 58. Rd2 Kf6 59.
Kg4 Ra3 60. Kh3 Kf5 61. Kh4 Ra4 62. g4+ Kxf4 63. Rf2+ Ke5 64. Kg5 Ke6 65. Rf4
Ra6 66. Rf6+ Kd5 1-0

[Event "27th Summer Universiade in Kazan (Men)"]
[Site "Kazan"]
[Date "2013.07.11"]
[Round "4.3"]
[White "Andriasian, Zaven"]
[Black "Tomczak, Jacek"]
[Result "1-0"]
[WhiteElo "2620"]
[BlackElo "2564"]
[PlyCount "57"]
[EventDate "2013.??.??"]

1. Nf3 Nf6 2. g3 g6 3. Bg2 Bg7 4. O-O d5 5. d3 O-O 6. Nbd2 Re8 7. e4 e5 8. Re1
c5 9. exd5 Nxd5 10. Ne4 Qc7 11. c4 Ne7 12. Bg5 Nd7 13. Qd2 f6 14. Bh6 Bxh6 15.
Qxh6 Nf5 16. Qd2 Nd6 17. Nxd6 Qxd6 18. d4 cxd4 19. Nxd4 Nb6 20. Nb3 Qe7 21. c5
Rd8 22. Qe2 Nd5 23. f4 a5 24. fxe5 a4 25. Qc4 axb3 26. Bxd5+ Kg7 27. Qc3 f5 28.
e6+ Qf6 29. Bxb3 1-0

[Event "27th Summer Universiade in Kazan (Men)"]
[Site "Kazan"]
[Date "2013.07.11"]
[Round "4.5"]
[White "Kravtsiv, Martyn"]
[Black "Nigalidze, Gaioz"]
[Result "0-1"]
[WhiteElo "2620"]
[BlackElo "2497"]
[PlyCount "78"]
[EventDate "2013.??.??"]

1. e4 d6 2. d4 g6 3. Nc3 Nf6 4. f4 Bg7 5. Nf3 O-O 6. Be3 Na6 7. Qd2 c5 8. O-O-O
cxd4 9. Bxd4 Qa5 10. Bc4 Bg4 11. h3 Bxf3 12. gxf3 Rac8 13. Bb3 Nc5 14. Kb1 Rfd8
15. f5 Nxb3 16. cxb3 e6 17. a3 Rd7 18. Rhg1 Qd8 19. Ka1 Nh5 20. Bxg7 Nxg7 21.
fxe6 fxe6 22. e5 d5 23. Ka2 Qc7 24. Rg5 Nf5 25. f4 Rf7 26. h4 Nxh4 27. Qf2 Nf5
28. Qxa7 Qc5 29. Qa4 Qf2 30. Rdg1 Ne3 31. Qd4 Qxf4 32. Qd3 Nf5 33. Qe2 Qe3 34.
Qh2 d4 35. Nd1 Qe4 36. Nf2 Qe2 37. R1g2 Rc1 38. Rxg6+ hxg6 39. Rxg6+ Ng7 0-1

[Event "27th Summer Universiade in Kazan (Men)"]
[Site "Kazan"]
[Date "2013.07.11"]
[Round "4.6"]
[White "Atabayev, Maksat"]
[Black "Ma, Qun"]
[Result "0-1"]
[WhiteElo "2460"]
[BlackElo "2584"]
[PlyCount "108"]
[EventDate "2013.??.??"]

1. e4 c5 2. Nf3 d6 3. c3 Nf6 4. Be2 Bd7 5. d3 g6 6. O-O Bg7 7. Nbd2 O-O 8. Re1
Nc6 9. Bf1 e5 10. a3 a5 11. a4 h6 12. Nc4 Be6 13. h3 Re8 14. Qc2 Qc7 15. Be3 b6
16. Rad1 d5 17. exd5 Nxd5 18. Bc1 f5 19. g3 Bf7 20. Bg2 Rab8 21. Nfd2 Nde7 22.
Na3 Qd7 23. Nb5 Bd5 24. Bxd5+ Nxd5 25. Qb3 Kh7 26. Qc4 Rbd8 27. Nf3 Nf6 28. Rd2
g5 29. Nh2 Kg6 30. Na3 f4 31. g4 h5 32. f3 Rh8 33. Qb3 hxg4 34. hxg4 Nd5 35.
Nc4 Qc7 36. Qc2 Kf7 37. Rg2 Rh3 38. Qe2 Rdh8 39. Nf1 Nd4 40. cxd4 e4 41. Rh2
Bxd4+ 42. Kh1 e3 43. Rxh3 Rxh3+ 44. Kg2 Rh4 45. Nh2 Qc6 46. Kh1 Qh6 47. Rg1 Rh3
48. Rg2 Kf8 49. Na3 Nb4 50. Nc2 Nxc2 51. Qxc2 Rxf3 52. Qe2 Rh3 53. Rg1 f3 54.
Rf1 f2 0-1

[Event "27th Summer Universiade in Kazan (Men)"]
[Site "Kazan"]
[Date "2013.07.11"]
[Round "4.7"]
[White "Bulski, Krzysztof"]
[Black "Zhou, Jianchao"]
[Result "0-1"]
[WhiteElo "2534"]
[BlackElo "2572"]
[PlyCount "128"]
[EventDate "2013.??.??"]

1. e4 c5 2. Nf3 d6 3. d4 cxd4 4. Nxd4 Nf6 5. Nc3 a6 6. h3 e5 7. Nde2 h5 8. Bg5
Be6 9. f4 Nbd7 10. f5 Bc4 11. Ng3 Rc8 12. Qf3 Be7 13. O-O-O b5 14. Bxf6 Nxf6
15. Kb1 b4 16. Nd5 Bxd5 17. exd5 h4 18. Ne4 Nxe4 19. Qxe4 Qb6 20. Rd3 a5 21. a4
Bf6 22. Rf3 Ke7 23. Bb5 Qd4 24. Qxd4 exd4 25. Re1+ Be5 26. Re4 Kf6 27. b3 Rh5
28. Kc1 Rch8 29. Bd3 Rg5 30. Re2 Bh2 31. Rf1 Be5 32. Rf3 Re8 33. Kd1 Re7 34.
Kd2 Rc7 35. Ke1 Rc5 36. Be4 Bg3+ 37. Kf1 Rh5 38. Rd3 Be5 39. Rf3 Rh8 40. Rd3
Rhc8 41. Rf3 Re8 42. Rd3 Rec8 43. Rf3 Bg3 44. Bd3 Rxd5 45. Re4 Re5 46. Rxe5
dxe5 47. Ke2 Bf4 48. Rf1 Kg5 49. Kf3 g6 50. g4 hxg3 51. h4+ Kxh4 52. fxg6 fxg6
53. Rh1+ Kg5 54. Rh7 Rc3 55. Kg2 Bd2 56. Re7 Kf4 57. Rf7+ Kg4 58. Rg7 g5 59.
Rf7 Rxd3 60. cxd3 Bf4 61. Ra7 e4 62. dxe4 Be5 63. Rxa5 Kf4 64. Rc5 Kg4 0-1

[Event "27th Summer Universiade in Kazan (Men)"]
[Site "Kazan"]
[Date "2013.07.11"]
[Round "4.9"]
[White "Petenyi, Tamas"]
[Black "Alekseev, Evgeny"]
[Result "1/2-1/2"]
[WhiteElo "2480"]
[BlackElo "2714"]
[PlyCount "138"]
[EventDate "2013.??.??"]

1. e4 c6 2. Nc3 d5 3. Qe2 d4 4. Nd1 e5 5. g3 c5 6. d3 Nc6 7. Bg2 Bd6 8. Nf3
Nge7 9. O-O O-O 10. Nh4 Bc7 11. Kh1 Be6 12. f4 exf4 13. gxf4 Ng6 14. Nxg6 fxg6
15. e5 g5 16. fxg5 Rxf1+ 17. Qxf1 Qd7 18. Nf2 Rf8 19. Qe2 Qf7 20. Kg1 Nxe5 21.
Bd2 Ng6 22. Rf1 Nf4 23. Bxf4 Bxf4 24. Ne4 Be3+ 25. Kh1 Qe7 26. b3 b6 27. Rxf8+
Qxf8 28. Qh5 Qf7 29. Qh4 Qf5 30. Qh5 Bf7 31. Qh4 Qe5 32. Qg4 Be6 33. Qh4 Bf5
34. Bh3 Bxe4+ 35. Qxe4 Qxe4+ 36. dxe4 Bxg5 37. Kg2 Bf4 38. Be6+ Kf8 39. h3 Be5
40. Kf3 g6 41. Bc4 Kg7 42. a4 Kf6 43. Ba6 Kg5 44. Bc8 Kh4 45. Kg2 h5 46. Bd7 g5
47. Kf3 a6 48. Kg2 g4 49. hxg4 hxg4 50. Bc8 a5 51. Kf2 Kg5 52. Ke2 Kf4 53. Bd7
Bd6 54. Be6 Bf8 55. Bd7 c4 56. bxc4 g3 57. Bh3 Kxe4 58. Bg2+ Kf4 59. Kd3 Bc5
60. Ke2 Bb4 61. Kd3 Ke5 62. Ke2 Kd6 63. Kf3 Be1 64. Ke2 Bb4 65. Kf3 Kc5 66.
Kxg3 Kxc4 67. Bf1+ Kc3 68. Kf3 Kxc2 69. Ke4 Bc5 1/2-1/2

[Event "27th Summer Universiade in Kazan (Men)"]
[Site "Kazan"]
[Date "2013.07.11"]
[Round "4.10"]
[White "Matlakov, Maxim"]
[Black "Rzayev, Bahruz"]
[Result "1-0"]
[WhiteElo "2665"]
[BlackElo "2429"]
[PlyCount "73"]
[EventDate "2013.??.??"]

1. d4 d5 2. c4 e6 3. Nc3 Nf6 4. cxd5 exd5 5. Bg5 Nbd7 6. e3 Bb4 7. Bd3 c5 8.
Nge2 c4 9. Bc2 O-O 10. O-O h6 11. Bh4 Nb6 12. f3 Be7 13. Bf2 Ne8 14. h3 Bh4 15.
Qe1 Bxf2+ 16. Qxf2 Nc7 17. g4 a5 18. Ng3 Ra6 19. Rad1 Nd7 20. e4 b5 21. e5 b4
22. Nce2 f6 23. Qe3 Ne6 24. f4 Qb6 25. Nf5 Qd8 26. Neg3 Nb8 27. b3 Bb7 28. bxc4
dxc4 29. d5 Nc7 30. Qe4 fxe5 31. fxe5 g6 32. Nxh6+ Kg7 33. Nf7 Rxf7 34. Rxf7+
Kxf7 35. e6+ Ke7 36. Qxg6 Qe8 37. Qg5+ 1-0

[Event "27th Summer Universiade in Kazan (Men)"]
[Site "Kazan"]
[Date "2013.07.11"]
[Round "4.11"]
[White "Munkhgal, Gombosuren"]
[Black "Yu, Yangyi"]
[Result "0-1"]
[WhiteElo "2406"]
[BlackElo "2657"]
[PlyCount "126"]
[EventDate "2013.??.??"]

1. d4 Nf6 2. c4 e6 3. Nc3 Bb4 4. Qc2 c5 5. dxc5 O-O 6. a3 Bxc5 7. Nf3 Qb6 8. e3
Be7 9. Bd3 d6 10. O-O Nbd7 11. b4 Qc7 12. Nb5 Qb8 13. Nbd4 h6 14. Bb2 a6 15.
Rfd1 Qc7 16. Ne2 b6 17. Ng3 Bb7 18. Ne4 Rac8 19. Rac1 Ng4 20. Qc3 Ndf6 21. h3
Bxe4 22. hxg4 Bxd3 23. Rxd3 e5 24. Nh2 b5 25. cxb5 Qb7 26. Qe1 Qxb5 27. Rdc3
Rb8 28. e4 a5 29. Rc4 axb4 30. Rxb4 Qd3 31. Rc3 Qa6 32. Bc1 Rxb4 33. axb4 d5
34. Ra3 Qc4 35. Rc3 Qxe4 36. Re3 Qc4 37. Rxe5 Bxb4 38. Qf1 Rc8 39. g5 Bd6 40.
Re1 Bxh2+ 41. Kxh2 Qh4+ 42. Kg1 hxg5 43. Ba3 Ne4 44. Bb2 g4 45. Be5 Rc6 46. Bf4
Qf6 47. Rc1 Rc4 48. Be3 Qc6 49. Rd1 Nc3 50. Rd4 Nb5 51. Rd3 d4 52. Qb1 Nc3 53.
Qb8+ Kh7 54. Qh2+ Kg6 55. Bd2 Qe4 56. Qd6+ f6 57. Qd7 Ne2+ 58. Kf1 Rc5 59. f3
Qxd3 60. Qxg4+ Rg5 61. Bxg5 Nf4+ 62. Kf2 fxg5 63. Kg3 Qf5 0-1

[Event "27th Summer Universiade in Kazan (Men)"]
[Site "Kazan"]
[Date "2013.07.11"]
[Round "4.12"]
[White "Lapcevic, Milos"]
[Black "Sjugirov, Sanan"]
[Result "1/2-1/2"]
[WhiteElo "2403"]
[BlackElo "2647"]
[PlyCount "153"]
[EventDate "2013.??.??"]

1. d4 Nf6 2. c4 c5 3. d5 b5 4. cxb5 a6 5. e3 axb5 6. Bxb5 Qa5+ 7. Nc3 Bb7 8.
Bd2 Qb6 9. Bc4 e6 10. Nge2 exd5 11. Qb3 Qxb3 12. Bxb3 Na6 13. O-O Nc7 14. Rfd1
Be7 15. Be1 O-O 16. f3 Rfb8 17. Bg3 d6 18. Nf4 c4 19. Ba4 Ra6 20. Rd2 Rba8 21.
b3 h6 22. h4 Bc6 23. Rad1 Bxa4 24. bxa4 Bd8 25. Rb1 Ne6 26. Nfxd5 Nxd5 27. Rxd5
Bf6 28. Ne4 Rxa4 29. Nxf6+ gxf6 30. Rc1 Rxa2 31. Rxc4 Re2 32. Rg4+ Ng7 33. Rf5
Raa2 34. Rxf6 Rxg2+ 35. Kh1 h5 36. Rg5 Rgd2 37. Bf4 Ra1+ 38. Rg1 Rxg1+ 39. Kxg1
Ne6 40. Bh6 Rd5 41. Kg2 Rc5 42. f4 Rd5 43. Kf3 Nc5 44. Bg5 Kg7 45. Rh6 f5 46.
Rxh5 Ne4 47. Bd8 Kg6 48. Rh8 Kg7 49. Rh5 Kg6 50. Rh8 Kg7 51. Re8 Rd2 52. Rxe4
fxe4+ 53. Kxe4 d5+ 54. Kf5 Re2 55. Bf6+ Kf7 56. Bd4 Rh2 57. Ke5 Rxh4 58. Kxd5
Rh1 59. e4 Rf1 60. Ke5 Rd1 61. Bc5 Rc1 62. Bd4 Rd1 63. Bc5 Rc1 64. Kd4 Rd1+ 65.
Ke3 Re1+ 66. Kf3 Rc1 67. Be3 Rf1+ 68. Ke2 Rh1 69. Bf2 Rh3 70. Be3 Rh1 71. Kf2
Rh3 72. Bd4 Kg6 73. Be3 Kh5 74. f5 Kg4 75. Ke2 Rf3 76. Bd2 Rxf5 77. exf5
1/2-1/2